Phineas Redux / (Record no. 86758)
[ view plain ]
| 000 -LEADER | |
|---|---|
| fixed length control field | 00585cam8a220020500 4500 |
| 001 - CONTROL NUMBER | |
| control field | tmp15564229 |
| 003 - CONTROL NUMBER IDENTIFIER | |
| control field | UPRA |
| 005 - DATE AND TIME OF LATEST TRANSACTION | |
| control field | 20190816102332.0 |
| 008 - FIXED-LENGTH DATA ELEMENTS--GENERAL INFORMATION | |
| fixed length control field | 950912s1973 enk eng u |
| 020 ## - INTERNATIONAL STANDARD BOOK NUMBER | |
| Terms of availability | 75P |
| 035 ## - SYSTEM CONTROL NUMBER | |
| System control number | (Sirsi) r125944 |
| 035 ## - SYSTEM CONTROL NUMBER | |
| System control number | (UPRA)tmp15564229 |
| 040 ## - CATALOGING SOURCE | |
| Transcribing agency | UPRA |
| 100 1# - MAIN ENTRY--PERSONAL NAME | |
| Personal name | Trollope, Anthony, 1815-1882. |
| Dates associated with a name | Trollope, Anthony, 1815-1882. |
| Linkage | A5637.1 |
| 245 10 - TITLE STATEMENT | |
| Title | Phineas Redux / |
| Statement of responsibility, etc. | Trollope Anthony. |
| 260 ## - PUBLICATION, DISTRIBUTION, ETC. | |
| Place of publication, distribution, etc. | [St. Albans] : |
| Name of publisher, distributor, etc. | Panther, |
| Date of publication, distribution, etc. | [1973] |
| 440 #0 - SERIES STATEMENT/ADDED ENTRY--TITLE | |
| Title | Pallisers |
| Linkage | S14283.1 |
| 949 ## - LOCAL PROCESSING INFORMATION (OCLC) | |
| a | PR5684 |
| w | lcc |
| i | -180810 |
| m | MAIN |
| t | BOOK |
| l | ON-SHELF |
No items available.